Christmas Movies:Sudden Death - Statistics

General Stats
  • This quiz has been taken 1,233 times
  • The average score is 7 of 16
Answers on the Grid
Answers color-coded by a green-red scale on the quiz's grid according to % correct below.
The Grinch
Eleven Hungry Elves
The Search for Santa Paws
Arthur Christmas
The Journal of A Reindeer
Die Hard
Elf
Around the World in One Night
Home Alone
The Christmas Chronicles
Grumpy Cat’s Christmas
The Snowman
Father Christmas
Christmas with Grandma
A Muppet Christmas Carol
The Santa Clause
Down the Chimney
A Charlie Brown Christmas
Bridget Jones’ Diary
The Primrose Railway Children
Nativity!
The Nightmare before Christmas
Matilda
Sleigh Ride
The Chronicles of Narnia
The Peanuts Movie
The Lion King
Anastasia
Wicked: Part One
It’s A Wonderful Life
 
Answer Stats
Answer % Correct
Elf
68%
The Grinch
68%
Home Alone
67%
A Muppet Christmas Carol
58%
The Nightmare before Christmas
58%
The Santa Clause
55%
A Charlie Brown Christmas
54%
Die Hard
52%
It’s A Wonderful Life
50%
The Christmas Chronicles
44%
Arthur Christmas
41%
The Snowman
29%
Nativity!
24%
Father Christmas
22%
The Search for Santa Paws
20%
Bridget Jones’ Diary
8%
No matching quizzes found
Score Distribution
Percent of People with Each Score
Percentile by Number Answered
Your Score History
You have not taken this quiz